| 000 | 01199cam a22003497a 4500 | ||
|---|---|---|---|
| 003 | CHAP | ||
| 005 | 20220329142423.0 | ||
| 008 | 010111s1999 uk a r 00010 eng d | ||
| 010 | _a83188 | ||
| 011 | _a84160 | ||
| 020 | _a0 85199 323 0 | ||
| 035 | _a94679 | ||
| 040 | _cCHAP | ||
| 082 | 0 | 4 |
_a636.0896 _bF45 |
| 100 | 0 | 0 |
_aFenner, Frank. _940036 |
| 245 | 1 | 0 |
_aBiological control of vertebrate pest : _bthe history of myxomatosis, an experiment in evolution _c/by Frank Fenner and Bernardino Fantini |
| 260 |
_aOxon : _bCABI Publishing, _c1999. |
||
| 300 |
_a339 p. : _bilus. |
||
| 590 |
_aBATCH-UPD _b10 _c20130110 _lUCH01 _h0317 |
||
| 590 |
_aBATCH-UPD _b10 _c20130110 _lUCH01 _h1941 |
||
| 590 |
_aBATCH-UPD _b10 _c20130409 _lUCH01 _h2350 |
||
| 590 |
_aBATCH-UPD _b10 _c20130914 _lUCH01 _h1029 |
||
| 590 |
_aCONVERSION _b10 _c20130109 _lUCH01 _h1346 |
||
| 650 | 1 | 4 |
_aConejos _xEnfermedades. _926362 |
| 650 | 1 | 4 |
_aControl biológico de enfermedades. _927579 |
| 650 | 1 | 4 |
_aMixomatosis. _976266 |
| 700 | 0 |
_aFantini, Bernardino. _939426 |
|
| 901 | _aBK | ||
| 905 | _aLilia Sánchez G. | ||
| 942 | _cLIBRO | ||
| 949 |
_a636.0896 F45 _bBC _cLIBRO _d33724000811949 _eLIBRO _gI.208824 _h99297 _i94679 _si _t$1.056.00 |
||
| 999 |
_c83188 _d83188 |
||